| 000 | 00992nam a22003017a 4500 | ||
|---|---|---|---|
| 001 | 5272 | ||
| 003 | FISKH | ||
| 005 | 20250519095616.0 | ||
| 008 | 241122b cb ||||| |||| 00| 0 eng d | ||
| 020 | _a9780545265058 | ||
| 040 |
_aFISKH _beng _cFISKH _dFISKH |
||
| 050 | _aPZ7.H389 | ||
| 082 | _a598 | ||
| 100 |
_aHenkes, Kevin _d(1960-) |
||
| 245 |
_aBirds / _cby Kevin Henkes Illustrated by Laura Dronzek |
||
| 250 | _aPublished in 2009 | ||
| 260 |
_aNew York : _bScholastic, _c2009. |
||
| 300 |
_a29 pages : _bcolor illustrations ; _c26 cm |
||
| 505 | _aG | ||
| 520 | _aFascinated by the colors, shapes, sounds, and movements of the many different birds she sees through her window, a little girl is happy to discover that she and they have something in common. | ||
| 521 | 8 |
_a410
_bLexile |
|
| 521 | 8 |
_aG
_bRaz-Plus |
|
| 650 |
_2Hardcover _aNature |
||
| 650 |
_2Picture book _aAnimals |
||
| 700 |
_aDronzek, Laura _dIllustrator |
||
| 942 |
_2ddc _cBK _n0 |
||
| 999 |
_c5272 _d5272 |
||